[Event "CZE-chT2F 1112"]
[Site "Czech Republic"]
[Date "2012.01.22"]
[Round "6.48"]
[White "Kudla, Richard"]
[Black "Gil, Karel"]
[Result "1-0"]
[WhiteElo "1974"]
[BlackElo "1906"]
[PlyCount "68"]
[EventDate "2011.10.09"]
[EventType "team-tourn"]
[EventRounds "11"]
[EventCountry "CZE"]
[SourceTitle "EXT 2013"]
[Source "ChessBase"]
[SourceDate "2012.11.22"]
[SourceVersion "1"]
[SourceVersionDate "2012.11.22"]
[SourceQuality "1"]
[WhiteTeam "Poruba VOKD"]
[BlackTeam "Havirov"]
[WhiteTeamCountry "CZE"]
[BlackTeamCountry "CZE"]

1. e4 c5 2. c3 d5 3. exd5 Qxd5 4. d4 g6 5. Nf3 Bg7 6. Na3 a6 7. Bc4 Qe4+ 8. Be3 e6 9. dxc5 Nf6 10. 0-0 0-0 11. Re1 Qc6 12. Nc2 b5 13. Bf1 Nd5 14. Bd4 Bb7 15. Bxg7 Kxg7 16. Qd4+ f6 17. Nb4 Qc8 18. Nxd5 Bxd5 19. b4 Nc6 20. Qe3 Qb7 21. a4 e5 22. Nd2 f5 23. axb5 axb5 24. Qd3 Rxa1 25. Rxa1 Rd8 26. Qxb5 Qc7 27. Qe2 e4 28. Nc4 Bxc4 29. Qxc4 Ne5 30. Qa6 Nf3+ 31. gxf3 Qf4 32. Qb7+ Kh6 33. Qe7 Rd2 34. Ra7 Qxf3 1-0

[Event "Ostrava Konik op-A"]
[Site "Ostrava"]
[Date "2011.05.01"]
[Round "2"]
[White "Reznicek, Marcel"]
[Black "Gil, Karel"]
[Result "1-0"]
[WhiteElo "2066"]
[BlackElo "1950"]
[PlyCount "69"]
[EventDate "2011.04.30"]
[EventType "swiss"]
[EventRounds "9"]
[EventCountry "CZE"]
[SourceTitle "CBM 142 Extra"]
[Source "ChessBase"]
[SourceDate "2011.06.27"]
[SourceVersion "1"]
[SourceVersionDate "2011.06.27"]
[SourceQuality "1"]

1. e4 c5 2. Nc3 d6 3. g3 Nc6 4. Bg2 g6 5. Nge2 Bg7 6. Nd5 e6 7. Ne3 Nge7 8. c3 d5 9. exd5 exd5 10. d4 cxd4 11. Nxd4 Nxd4 12. cxd4 0-0 13. 0-0 Be6 14. b3 Qb6 15. Bb2 Rac8 16. Qd2 Bh6 17. f4 Bg7 18. Rac1 Rfd8 19. Kh1 Nf5 20. Rxc8 Rxc8 21. Nxd5 Bxd5 22. Bxd5 Rd8 23. Bg2 Bxd4 24. Bxd4 Rxd4 25. Qf2 Qd6 26. Qf3 Rd2 27. Qxb7 Ne3 28. Rg1 Ng4 29. Qc8+ Qd8 30. Qxg4 h5 31. Qf3 Kg7 32. f5 Rxa2 33. Rd1 Qb6 34. fxg6 Rf2 35. Qc3+ 1-0

[Event "Ostrava op"]
[Site "Ostrava"]
[Date "2009.05.06"]
[Round "5"]
[White "Danes, Jaroslav"]
[Black "Gil, Karel"]
[Result "1-0"]
[WhiteElo "2255"]
[BlackElo "1955"]
[PlyCount "69"]
[EventDate "2009.05.02"]
[EventType "swiss"]
[EventRounds "9"]
[EventCountry "CZE"]
[SourceTitle "EXT 2011"]
[Source "ChessBase"]
[SourceDate "2010.11.26"]
[SourceVersion "1"]
[SourceVersionDate "2010.11.26"]
[SourceQuality "1"]

1. e4 c5 2. Nc3 Nc6 3. f4 g6 4. Nf3 Bg7 5. Bb5 Nd4 6. 0-0 e6 7. e5 a6 8. Bd3 d5 9. Nxd4 cxd4 10. Ne2 Qb6 11. Qe1 Ne7 12. Qf2 Nc6 13. c3 Bf8 14. Kh1 Bd7 15. b3 a5 16. Bb2 Be7 17. Nxd4 Nxd4 18. cxd4 Bb5 19. Qe2 Bxd3 20. Qxd3 0-0 21. g4 Rac8 22. f5 exf5 23. gxf5 gxf5 24. Rxf5 Rc6 25. Raf1 Rg6 26. Bc3 Bb4 27. Qf3 Qe6 28. a4 Rg7 29. Rf6 Qg4 30. Qxd5 Be7 31. R6f4 Qh3 32. Qf3 Qh6 33. d5 Bh4 34. Rf5 Bg3 35. Rh5 1-0

[Event "Ostrava op"]
[Site "Ostrava"]
[Date "2009.05.04"]
[Round "3"]
[White "Chlost, Marlena"]
[Black "Gil, Karel"]
[Result "0-1"]
[WhiteElo "2130"]
[BlackElo "1955"]
[PlyCount "74"]
[EventDate "2009.05.02"]
[EventType "swiss"]
[EventRounds "9"]
[EventCountry "CZE"]
[SourceTitle "EXT 2011"]
[Source "ChessBase"]
[SourceDate "2010.11.26"]
[SourceVersion "1"]
[SourceVersionDate "2010.11.26"]
[SourceQuality "1"]

1. e4 c5 2. Nf3 Nc6 3. d4 cxd4 4. Nxd4 Nf6 5. Nc3 d6 6. Bg5 e6 7. Qd2 a6 8. 0-0-0 Be7 9. f3 Nxd4 10. Qxd4 0-0 11. h4 b5 12. Kb1 Qa5 13. a3 Bb7 14. g4 Rac8 15. Bd2 Qc7 16. g5 Nd7 17. Rc1 Ne5 18. Rh3 Qc5 19. Qxc5 Rxc5 20. Be3 Rcc8 21. Ka2 Nc6 22. Ne2 b4 23. a4 Na5 24. b3 d5 25. exd5 Bxd5 26. Nf4 Bb7 27. Bd4 Nc6 28. Bb2 Bd6 29. Nd3 Ne7 30. Ne5 Nd5 31. Bd4 Rfd8 32. Bc4 Nf4 33. Rhh1 Bc7 34. Bb2 Rd2 35. h5 Ne2 36. Rcd1 Rxc2 37. Bxe2 Bxe5 0-1

[Event "Ostrava op"]
[Site "Ostrava"]
[Date "2009.05.03"]
[Round "2"]
[White "Slavinsky, Rostislav"]
[Black "Gil, Karel"]
[Result "0-1"]
[WhiteElo "2085"]
[BlackElo "1955"]
[PlyCount "78"]
[EventDate "2009.05.02"]
[EventType "swiss"]
[EventRounds "9"]
[EventCountry "CZE"]
[SourceTitle "EXT 2011"]
[Source "ChessBase"]
[SourceDate "2010.11.26"]
[SourceVersion "1"]
[SourceVersionDate "2010.11.26"]
[SourceQuality "1"]

1. Nf3 d5 2. c4 c6 3. b3 Nf6 4. Bb2 Bf5 5. g3 h6 6. Bg2 e6 7. 0-0 Nbd7 8. d4 Be7 9. Nfd2 0-0 10. Nc3 Bg4 11. Qc2 Qb6 12. Rae1 Bf5 13. Qc1 Rad8 14. Rd1 Bg4 15. Kh1 Rfe8 16. Nf3 Ne4 17. Ng1 Nxc3 18. Qxc3 Bf6 19. Qc1 Bg5 20. f4 Be7 21. h3 Bf5 22. g4 Bg6 23. Nf3 Be4 24. Nd2 Bxg2+ 25. Kxg2 f5 26. Qc3 Bb4 27. Qd3 Bxd2 28. Rxd2 Nf6 29. Qf3 Ne4 30. Rc2 Qa5 31. Rd1 Rf8 32. e3 a6 33. a3 Rd7 34. h4 g6 35. b4 Qa4 36. Rdc1 dxc4 37. gxf5 exf5 38. Kf1 Qb5 39. Rg2 c3+ 0-1

[Event "Orlova op 5th"]
[Site "Orlova"]
[Date "2008.05.25"]
[Round "9"]
[White "Gil, Karel"]
[Black "Olsarova, Karolina"]
[Result "0-1"]
[WhiteElo "1977"]
[BlackElo "2061"]
[PlyCount "104"]
[EventDate "2008.05.17"]
[EventType "swiss"]
[EventRounds "9"]
[EventCountry "CZE"]
[SourceTitle "EXT 2012"]
[Source "ChessBase"]
[SourceDate "2011.11.24"]
[SourceVersion "1"]
[SourceVersionDate "2011.11.24"]
[SourceQuality "1"]

1. d4 d5 2. Nf3 Nf6 3. c4 c6 4. e3 Bf5 5. Nc3 e6 6. Nh4 Bg4 7. Qb3 Qc7 8. h3 Bh5 9. Bd2 Nbd7 10. g4 Bg6 11. Nxg6 hxg6 12. Bg2 Nb6 13. cxd5 exd5 14. 0-0-0 Be7 15. Kb1 a5 16. g5 Nfd7 17. e4 dxe4 18. Bxe4 a4 19. Qc2 Nc4 20. Bc1 Ndb6 21. Ne2 Bd6 22. Bd3 Na5 23. Rde1 Kf8 24. Ng3 Nd5 25. Bd2 Nb4 26. Bxb4 Bxb4 27. Re4 Bd6 28. h4 b6 29. Qe2 a3 30. Re1 Qd7 31. b3 Bb4 32. Rc1 Re8 33. d5 Rxe4 34. Qxe4 Bc5 35. dxc6 Nxc6 36. Rc2 Nb4 37. Re2 Qxd3+ 38. Qxd3 Nxd3 39. Rd2 Rxh4 40. Rxd3 Bxf2 41. Ne2 Rg4 42. Rf3 Bc5 43. Kc2 Ke7 44. Kd3 Rxg5 45. Nc3 Rf5 46. Rh3 Rf2 47. b4 Bd6 48. Ke3 Rc2 49. Kd3 Rb2 50. Re3+ Kd7 51. b5 g5 52. Ke4 g6 0-1

[Event "Orlova op 5th"]
[Site "Orlova"]
[Date "2008.05.23"]
[Round "7"]
[White "Slivova, Veronika"]
[Black "Gil, Karel"]
[Result "0-1"]
[WhiteElo "1468"]
[BlackElo "1977"]
[PlyCount "86"]
[EventDate "2008.05.17"]
[EventType "swiss"]
[EventRounds "9"]
[EventCountry "CZE"]
[SourceTitle "EXT 2012"]
[Source "ChessBase"]
[SourceDate "2011.11.24"]
[SourceVersion "1"]
[SourceVersionDate "2011.11.24"]
[SourceQuality "1"]

1. e4 c5 2. c3 d5 3. exd5 Qxd5 4. d4 g6 5. Nf3 Bg7 6. Be3 cxd4 7. Bxd4 Nf6 8. Nbd2 0-0 9. Bc4 Qd8 10. 0-0 Nc6 11. Bxf6 Bxf6 12. Ne4 Bg7 13. Nfg5 Ne5 14. Bb3 Bf5 15. Qxd8 Raxd8 16. f4 Nd3 17. Nxf7 Rxf7 18. Ng5 e6 19. Nxe6 Bxe6 20. Bxe6 Nxb2 21. Rab1 Rd2 22. Rf2 Rxf2 23. Kxf2 Bxc3 24. Ke3 b5 25. Rc1 b4 26. Ke4 Kf8 27. Bxf7 Kxf7 28. a3 a5 29. axb4 axb4 30. Ra1 Bf6 31. Ra7+ Be7 32. g4 Nc4 33. Rc7 Nd6+ 34. Kd3 Ke6 35. Rc6 Kd5 36. Rb6 Kc5 37. Rb8 Bf6 38. h3 Bc3 39. Rd8 Nb5 40. Rc8+ Kb6 41. Rb8+ Ka6 42. Kc4 Nd6+ 43. Kc5 Ka7 0-1

[Event "Orlova op 4th"]
[Site "Orlova"]
[Date "2007.05.22"]
[Round "4"]
[White "Kharchenko, Denis"]
[Black "Gil, Karel"]
[Result "1/2-1/2"]
[WhiteElo "2168"]
[BlackElo "1988"]
[PlyCount "64"]
[EventDate "2007.05.19"]
[EventType "swiss"]
[EventRounds "9"]
[EventCountry "CZE"]
[SourceTitle "EXT 2012"]
[Source "ChessBase"]
[SourceDate "2011.11.24"]
[SourceVersion "1"]
[SourceVersionDate "2011.11.24"]
[SourceQuality "1"]

1. d4 d5 2. c4 e6 3. Nc3 Be7 4. Nf3 Nf6 5. cxd5 exd5 6. Bf4 c6 7. e3 Bf5 8. Be2 Nbd7 9. 0-0 0-0 10. a3 a5 11. Nh4 Be6 12. Nf3 Ne4 13. Nd2 Nxc3 14. bxc3 b5 15. Bd3 Nf6 16. Bg3 Qd7 17. f3 c5 18. Qe2 c4 19. Bc2 b4 20. axb4 axb4 21. cxb4 Bxb4 22. Rfb1 Bc3 23. Rxa8 Rxa8 24. Nf1 g6 25. Be1 Bxe1 26. Qxe1 Bf5 27. Qc3 Bxc2 28. Qxc2 Ra3 29. Rb8+ Kg7 30. Qb2 Qa4 31. Rb4 Qa5 32. Rb5 Qa4 1/2-1/2

[Event "Ostrava Konik op-A"]
[Site "Ostrava"]
[Date "2007.??.??"]
[Round "5"]
[White "Bednarz, Valdemar"]
[Black "Gil, Karel"]
[Result "0-1"]
[WhiteElo "2030"]
[BlackElo "1985"]
[PlyCount "44"]
[EventDate "2007.05.??"]
[EventType "swiss"]
[EventRounds "9"]
[EventCountry "CZE"]
[SourceTitle "EXT 2010"]
[Source "ChessBase"]
[SourceDate "2010.11.25"]
[SourceVersion "1"]
[SourceVersionDate "2010.11.25"]
[SourceQuality "1"]

1. e4 c5 2. Nf3 Nc6 3. d4 cxd4 4. Nxd4 Nf6 5. Nc3 d6 6. Bg5 e6 7. Be2 Be7 8. 0-0 0-0 9. Be3 a6 10. a4 Qc7 11. Nxc6 bxc6 12. a5 c5 13. b3 Bb7 14. f3 d5 15. exd5 exd5 16. Bf2 Bd6 17. Na4 Bxh2+ 18. Kh1 Bd6 19. Nb6 Rae8 20. Ra4 d4 21. Nc4 Bg3 22. Kg1 Nd5 0-1

[Event "Karvina op"]
[Site "Karvina"]
[Date "2007.??.??"]
[Round "8"]
[White "Gil, Karel"]
[Black "Bolacky, Jiri"]
[Result "0-1"]
[WhiteElo "1981"]
[BlackElo "2258"]
[PlyCount "96"]
[EventDate "2007.07.??"]
[EventType "swiss"]
[EventRounds "9"]
[EventCountry "CZE"]
[SourceTitle "EXT 2010"]
[Source "ChessBase"]
[SourceDate "2010.11.25"]
[SourceVersion "1"]
[SourceVersionDate "2010.11.25"]
[SourceQuality "1"]

1. d4 Nf6 2. c4 g6 3. Nc3 d5 4. Nf3 Bg7 5. Bg5 Ne4 6. cxd5 Nxg5 7. Nxg5 e6 8. Qd2 h6 9. Nh3 exd5 10. Nf4 0-0 11. e3 Re8 12. Be2 c6 13. 0-0 Bf8 14. a3 Nd7 15. Bd3 Kg7 16. Rab1 a5 17. Qc2 Bd6 18. Nfe2 Qh4 19. Ng3 Nf6 20. Nce2 Qg5 21. Kh1 h5 22. Ng1 h4 23. Nf3 Qh6 24. Ne2 Bg4 25. Neg1 Qh5 26. h3 Bc8 27. Rbe1 Bd7 28. Be2 Qh6 29. Bd3 Qh5 30. Be2 Qh6 31. Bd3 Ne4 32. Nh2 Bf5 33. Qe2 g5 34. Qf3 Qg6 35. Ng4 Ng3+ 36. fxg3 Bxd3 37. gxh4 Bxf1 38. h5 Bxg2+ 39. Qxg2 Qxh5 40. Rf1 Re6 41. Qf3 Rf8 42. Qf5 Qg6 43. Qf2 Qe4+ 44. Nf3 f5 45. Ngh2 Rg6 46. Kg1 g4 47. Nh4 g3 48. Nxf5+ Rxf5 0-1

[Event "Ostrava Konik op-A"]
[Site "Ostrava"]
[Date "2007.??.??"]
[Round "2"]
[White "Gil, Karel"]
[Black "Olsar, Zdenek"]
[Result "1/2-1/2"]
[WhiteElo "1985"]
[BlackElo "2095"]
[PlyCount "52"]
[EventDate "2007.05.??"]
[EventType "swiss"]
[EventRounds "9"]
[EventCountry "CZE"]
[SourceTitle "EXT 2010"]
[Source "ChessBase"]
[SourceDate "2010.11.25"]
[SourceVersion "1"]
[SourceVersionDate "2010.11.25"]
[SourceQuality "1"]

1. c4 e5 2. Nc3 Nf6 3. g3 Bb4 4. Bg2 0-0 5. e4 Nc6 6. Nge2 d6 7. 0-0 Be6 8. Nd5 Bc5 9. d3 Ne8 10. Kh1 Qd7 11. Bd2 a5 12. Bc3 Nd4 13. Nxd4 exd4 14. Bd2 c6 15. Nf4 Nc7 16. Qe1 a4 17. Nxe6 fxe6 18. f4 d5 19. cxd5 cxd5 20. Rc1 b6 21. e5 Qb5 22. Qe2 Qxb2 23. Rb1 Qxa2 24. Ra1 Qc2 25. Rfc1 Qb2 26. Rcb1 Qc2 1/2-1/2

[Event "Karvina op"]
[Site "Karvina"]
[Date "2007.??.??"]
[Round "3"]
[White "Klima, Lukas"]
[Black "Gil, Karel"]
[Result "1-0"]
[WhiteElo "2405"]
[BlackElo "1981"]
[PlyCount "49"]
[EventDate "2007.07.??"]
[EventType "swiss"]
[EventRounds "9"]
[EventCountry "CZE"]
[SourceTitle "EXT 2010"]
[Source "ChessBase"]
[SourceDate "2010.11.25"]
[SourceVersion "1"]
[SourceVersionDate "2010.11.25"]
[SourceQuality "1"]

1. e4 c5 2. Nf3 Nc6 3. d4 cxd4 4. Nxd4 Nf6 5. Nc3 d6 6. Bg5 e6 7. Qd2 a6 8. 0-0-0 Be7 9. f4 Nxd4 10. Qxd4 0-0 11. Be2 Qa5 12. Kb1 Rd8 13. e5 dxe5 14. Qxe5 b5 15. Ne4 Rxd1+ 16. Rxd1 Nd7 17. Qd4 Bxg5 18. fxg5 Bb7 19. Bf3 Bd5 20. Nc3 Bxf3 21. gxf3 Nf8 22. Ne4 Rc8 23. c3 Qc7 24. h4 Qf4 25. Nf6+ 1-0

[Event "Ostrava CEZ op"]
[Site "Ostrava"]
[Date "2006.05.04"]
[Round "6"]
[White "Tylecek, Drahomir"]
[Black "Gil, Karel"]
[Result "0-1"]
[WhiteElo "1980"]
[BlackElo "2041"]
[PlyCount "110"]
[EventDate "2006.04.29"]
[EventType "swiss"]
[EventRounds "9"]
[EventCountry "CZE"]
[SourceTitle "EXT 2008"]
[Source "ChessBase"]
[SourceDate "2007.11.25"]
[SourceVersion "1"]
[SourceVersionDate "2007.11.25"]
[SourceQuality "1"]

1. e4 c5 2. Nf3 Nc6 3. Nc3 d6 4. d4 cxd4 5. Nxd4 Nf6 6. f3 e5 7. Nb3 Be7 8. Be3 Be6 9. Qd2 d5 10. exd5 Nxd5 11. Nxd5 Qxd5 12. Qxd5 Bxd5 13. 0-0-0 0-0-0 14. Bd3 g6 15. Rhe1 f5 16. c3 b6 17. Kc2 Rhf8 18. Bb5 Kc7 19. Bh6 Bxb3+ 20. Kxb3 Rxd1 21. Rxd1 Rf7 22. Kc2 Bd6 23. Bc4 Re7 24. Bf8 Rd7 25. Bxd6+ Rxd6 26. Rxd6 Kxd6 27. Kd3 a5 28. a3 g5 29. b4 Ne7 30. g4 e4+ 31. fxe4 f4 32. Bb5 Ng6 33. Kd4 Ne5 34. h3 Nf3+ 35. Kd3 Ke5 36. c4 axb4 37. axb4 Nd4 38. Ba4 Ne6 39. Bd7 Nd8 40. c5 bxc5 41. bxc5 Nb7 42. c6 Nc5+ 43. Kc4 Na6 44. Kd3 h6 45. Bc8 Nb4+ 46. Kc4 Nxc6 47. Kc5 Nd4 48. Ba6 f3 49. Bd3 Ne2 50. Kc6 Nf4 51. Bf1 Kxe4 52. Kd6 Ke3 53. Ke7 Kf2 54. Ba6 Ke1 55. Kf7 f2 0-1

[Event "Ostrava CEZ op"]
[Site "Ostrava"]
[Date "2006.05.03"]
[Round "5"]
[White "Gil, Karel"]
[Black "Trombik, Karel"]
[Result "0-1"]
[WhiteElo "2041"]
[BlackElo "2228"]
[PlyCount "52"]
[EventDate "2006.04.29"]
[EventType "swiss"]
[EventRounds "9"]
[EventCountry "CZE"]
[SourceTitle "EXT 2008"]
[Source "ChessBase"]
[SourceDate "2007.11.25"]
[SourceVersion "1"]
[SourceVersionDate "2007.11.25"]
[SourceQuality "1"]

1. Nf3 d5 2. d4 Nf6 3. c4 dxc4 4. e3 a6 5. Bxc4 b5 6. Bb3 Bb7 7. 0-0 e6 8. Qe2 Nbd7 9. Rd1 Be7 10. Nbd2 0-0 11. a4 b4 12. a5 Qb8 13. Nc4 Bd5 14. Nfd2 Qb7 15. f3 c5 16. e4 Bxc4 17. Bxc4 cxd4 18. e5 Nd5 19. Ne4 Nxe5 20. Nc5 Bxc5 21. Qxe5 Qc7 22. Qh5 Ne3 23. Bxe3 dxe3 24. Kf1 g6 25. Qg4 Qe5 26. b3 e2+ 0-1

[Event "Ostrava CEZ op"]
[Site "Ostrava"]
[Date "2006.05.02"]
[Round "4"]
[White "Gil, Karel"]
[Black "Malik, Jan"]
[Result "0-1"]
[WhiteElo "2041"]
[BlackElo "2226"]
[PlyCount "54"]
[EventDate "2006.04.29"]
[EventType "swiss"]
[EventRounds "9"]
[EventCountry "CZE"]
[SourceTitle "EXT 2008"]
[Source "ChessBase"]
[SourceDate "2007.11.25"]
[SourceVersion "1"]
[SourceVersionDate "2007.11.25"]
[SourceQuality "1"]

1. c4 e6 2. Nc3 Nf6 3. e4 d5 4. e5 d4 5. exf6 dxc3 6. bxc3 gxf6 7. d4 b6 8. Be2 Bb7 9. Bf3 Bxf3 10. Qxf3 Nd7 11. Ne2 f5 12. Qc6 Rc8 13. 0-0 Bd6 14. Bf4 Qe7 15. Rfe1 0-0 16. Qf3 Qf6 17. Ng3 Kh8 18. Rad1 Qh4 19. Bc1 Nf6 20. d5 Ng4 21. h3 Nxf2 22. Nh5 Nxd1 23. Rxd1 Qe4 24. Qf1 Rg8 25. dxe6 fxe6 26. Re1 Rxg2+ 27. Qxg2 Qxe1+ 0-1

[Event "Ostrava CEZ op"]
[Site "Ostrava"]
[Date "2006.04.30"]
[Round "2"]
[White "Gil, Karel"]
[Black "Hladik, Oto"]
[Result "1-0"]
[WhiteElo "2041"]
[BlackElo "2246"]
[PlyCount "71"]
[EventDate "2006.04.29"]
[EventType "swiss"]
[EventRounds "9"]
[EventCountry "CZE"]
[SourceTitle "EXT 2008"]
[Source "ChessBase"]
[SourceDate "2007.11.25"]
[SourceVersion "1"]
[SourceVersionDate "2007.11.25"]
[SourceQuality "1"]

1. Nf3 Nf6 2. c4 g6 3. Nc3 Bg7 4. e4 d6 5. d4 0-0 6. Be2 Na6 7. 0-0 e5 8. Re1 exd4 9. Nxd4 Nc5 10. f3 c6 11. Be3 Qe7 12. Qd2 Bd7 13. b4 Ne6 14. Rad1 Rfd8 15. Bf1 Qf8 16. Qc2 Nh5 17. Nxe6 Bxe6 18. c5 d5 19. exd5 cxd5 20. Ne2 Rac8 21. a3 a6 22. Nd4 Kh8 23. Qd2 Bd7 24. Bd3 Ba4 25. Bc2 Bxc2 26. Qxc2 Re8 27. Qd2 h6 28. Rc1 Kh7 29. Qd3 Qe7 30. Nf5 Qe6 31. Nd6 Rcd8 32. Nxe8 Rxe8 33. Bd2 Qd7 34. Rxe8 Qxe8 35. Qxd5 Nf6 36. Qd3 1-0